|
|
|
|
| LEADER |
00000cas a2200000 a 4500 |
| 001 |
vtls010128574 |
| 003 |
SK-MaSNL |
| 005 |
20260228164216.0 |
| 008 |
100903d19221935xo ar|p 0 b0hun |
| 040 |
|
|
|a SNK
|b slo
|c SNK
|e AACR2
|
| 041 |
0 |
|
|a hun
|
| 044 |
|
|
|a xo
|c SK
|
| 072 |
|
7 |
|a 33
|x Ekonómia
|2 konspekt
|
| 080 |
|
|
|a 33
|2 2011
|
| 080 |
|
|
|a 050
|2 2011
|
| 080 |
|
|
|a (059)
|2 2011
|
| 245 |
0 |
0 |
|a Barázda naptár
|b gazdák és iparosok az részére az ... esztendore
|
| 260 |
|
|
|a Komárom
|b Baranyay József
|c 1922-1935
|
| 300 |
|
|
|a zv.
|c 24 cm
|
| 310 |
|
|
|a 1x ročne
|
| 362 |
0 |
|
|a Évf. 1 (1923)-évf. 14 (1936)
|z SKP
|
| 500 |
|
|
|a Kalendár Barázda naptár sa zlúčil s kalendárom Keresztényszocialista naptár a vznikol: Magyar naptár
|
| 650 |
0 |
7 |
|a hospodárstvo
|2 SNKPH
|9 14275
|
| 655 |
|
7 |
|a kalendáre
|2 SNKPH
|9 70450
|
| 752 |
|
|
|a Slovensko
|d Komárno
|
| 785 |
0 |
7 |
|t Keresztényszocialista naptár
|
| 785 |
0 |
7 |
|t Magyar naptár
|
| 910 |
|
|
|a snk
|
| 999 |
|
|
|c 12713
|d 14643
|
| 952 |
|
|
|0 0
|1 0
|4 0
|7 0
|8 5
|a SNK
|b SNK
|d 2010-09-03
|i snkF 3054/70
|l 0
|o snkČSC 1062/1923
|p 17A0668181
|r 2026-02-21 19:54:50
|w 2026-02-21
|y PREZ
|
| 952 |
|
|
|0 0
|1 0
|4 0
|7 0
|8 5
|a SNK
|b SNK
|d 2010-09-03
|i snkF 3055/70
|l 0
|o snkČSC 1062/2/1924
|p 17A0668182
|r 2026-02-21 19:54:50
|w 2026-02-21
|y PREZ
|
| 952 |
|
|
|0 0
|1 0
|4 0
|7 0
|8 5
|a SNK
|b SNK
|d 2010-09-03
|i snkF 3056/70
|l 0
|o snkČSC 1062/3/1925
|p 17A0668183
|r 2026-02-21 19:54:50
|w 2026-02-21
|y PREZ
|
| 952 |
|
|
|0 0
|1 0
|4 0
|7 0
|8 5
|a SNK
|b SNK
|d 2010-09-03
|i snkF 3057/70
|l 0
|o snkČSC 1062/4/1926
|p 17A0668184
|r 2026-02-21 19:54:50
|w 2026-02-21
|y PREZ
|
| 952 |
|
|
|0 0
|1 0
|4 0
|7 0
|8 5
|a SNK
|b SNK
|d 2010-09-03
|i snkF 2395/67
|l 0
|o snkČSC 1062/1928
|p 17A0668186
|r 2026-02-21 19:54:50
|w 2026-02-21
|y PREZ
|
| 952 |
|
|
|0 0
|1 0
|4 0
|7 0
|8 5
|a SNK
|b SNK
|d 2010-09-03
|i snkF 2396/67
|l 0
|o snkČSC 1062/1929
|p 17A0668548
|r 2026-02-21 19:54:50
|w 2026-02-21
|y PREZ
|
| 952 |
|
|
|0 0
|1 0
|4 0
|7 0
|8 5
|a SNK
|b SNK
|d 2010-09-03
|i snkF 3058/70
|l 0
|o snkČSC 1062/8/1930
|p 17A0668552
|r 2026-02-21 19:54:50
|w 2026-02-21
|y PREZ
|
| 952 |
|
|
|0 0
|1 0
|4 0
|7 0
|a SNK
|b SNK
|d 2010-09-03
|l 0
|o snkČSC 1062/11/1933
|p 17A0668551
|r 2026-02-21 19:54:51
|w 2026-02-21
|y PREZ
|
| 952 |
|
|
|0 0
|1 0
|4 0
|7 0
|8 5
|a SNK
|b SNK
|d 2010-09-03
|i snkF 3060/70
|l 0
|o snkČSC 1062/1935
|p 17A0668242
|r 2026-02-21 19:54:51
|w 2026-02-21
|y PREZ
|
| 952 |
|
|
|0 0
|1 0
|4 0
|7 0
|8 3
|a SNK
|b SNK
|d 2010-09-03
|i snkK 2018
|l 0
|o snkČSC 1062/1927
|p 17A0668185
|r 2026-02-21 20:08:54
|w 2026-02-21
|y PREZ
|